Tecnología, globalización y reconstrucción de la educación popular /
Αποθηκεύτηκε σε:
| Κύριος συγγραφέας: | |
|---|---|
| Μορφή: | Κείμενο |
| Θέματα: | |
| Ετικέτες: |
Προσθήκη ετικέτας
Δεν υπάρχουν, Καταχωρήστε ετικέτα πρώτοι!
|
MARC
| LEADER | 00000 a a2200000 04500 | ||
|---|---|---|---|
| 001 | 11848 | ||
| 003 | |||
| 040 | |||
| 100 | |a Mejía, Marco Raúl | ||
| 245 | |a Tecnología, globalización y reconstrucción de la educación popular / |c Marco Raúl Mejía | ||
| 650 | |a EDUCACION DE MASAS | ||
| 650 | |a EDUCACION | ||
| 650 | |a CULTURA | ||
| 650 | |a GLOBALIZACION | ||
| 773 | |g número 130; páginas 30-41 | ||
| 999 | |c 25376 |d 25376 | ||
